000 01327nam0a2200361 4500
001 RU\NLR\BIBL_A\012254018
005 20200623154854.0
010 _a978-5-17-118315-8
_94000
021 _aRU
_bКН-П-20-007718
_9КН-П-20-0584
035 _a(NLR Aleph) 012254018
035 _a(RuMoRGB)010273292
090 _a11096258
_c11096258
100 _a20200323d2020 e y0rusy50 ca
101 1 _arus
_ceng
102 _aRU
105 _aa z 000ay
181 0 _ai
_baxxe
182 0 _an
200 1 _aЕсть ли еще sex в большом городе?
_e[роман]
_fКэндес Бушнелл
_g[перевод с английского Ю. Рышковой]
203 _aТекст
_bвизуальный
_cнепосредственный
210 _aМосква
_cN
_cАСТ
_d2020
215 _a253, [2] с.
_cил.
_d21
225 1 _aСерия "Дьявол, Prada и все-все-все"
333 _a16+
686 1 _aШ6(7США)67-440.4{Лх1979-50}
700 1 _7ca
_8rus
_aБушнелл
_bК.
_f1958-
_gКэндес
_983432
_3RU\NLR\AUTH\77100506
942 _cBOOK
980 _aSUPPRESS
980 _aNBR
980 _aNB